00914nam a2200181 a 450000100060000000300090000600800410001502000180005604000280007408200170010210000370011924503440015626000540050030000190055450400360057365000800060965100430068925490CO-ViMGA141112s2004 ck r 000 u spa d a9788484897231 aCO-ViMGAbspacCO-ViMGA04aCo860.9 G63c1 aGonzález Ortega, Nelson Arturo10aColombia, una nación en formación en su historia y literatura (siglos XVI - XXI) : busos políticos de la historia y la literatura en la construcción de la nación (siglos XIX al XX) y subversión del discurso nacional oficial en las nuevas narrativas de la historia y la literatura (siglo XX al XXI) / cNelson González Ortega aMadrid : bIberoAméricana : bVervuert, cc2013 a467 p. ; 22 cm aBibliografía : p. [447] - 46714aLiteratura histórica colombiana - Historia y crítica - Siglos XVI - XXI aColombia - Historia - Siglos XVI - XXI